000 00258nam a2200097Ia 4500
001 1212082
005 20250827024448.0
008 250824s9999 xx 000 0 und d
245 0 _aFİLLER DE HATIRLAR
_cAGATHA CHRİSTİE
260 _bALTIN KİTAPLAR YAYINEVİ
999 _c1212082
_d1212082